LEADER 01432nam a2200289 u 4500 001 000000030692 003 CaOOAMICUS 005 20070226112045.0 008 970919s1976 fr u000 u fre u 035 $a10769876 040 $aPUL(R)$bita 041 1 $afre$hakk$hsux 245 00$aHymnes et prieres aux dieux de Babylonie et d'Assyrie /$cintroduction, traduction et notes de Marie-Joseph Seux ... ; ouvrage publié avec le concours du Centre National de la Recherche Scientifique. 260 $aParis :$bLes Ed. du Cerf,$c1976. 300 $a558 p. ;$c20 cm 490 1 $aLittératures anciennes du Proche-Orient ;$v8 700 1 $aSeux, M. J.$q(Marie-Joseph).$0(OLS)http://pul/name/24532 710 2 $aCentre national de la recherche scientifique appliquée (Francia).$0(OLS)http://pul/name/24668 830 0$aLittératures anciennes du Proche-Orient ;$v8.$0(OLS)http://pul/title/26443 850 $aPUL 852 $aPUL$W1$xSL Religione 1$y3$m1 D 60$j42423$nBK-PRI$b $qStampati$B42423$CPULBib$Z2$F42423 $H $81 852 $aPUL$W1$xDP1 Fondo Gelio$y54$m3 C 3$j16525$nBK-PRI$b $qFondi$B42424$CPULBib$Z2$F42424 $HPUL0392 $81 941 1 $a8 941 1 $a1 961 $aINV: 45204 996 $6245$aHymnes et prieres aux dieux de Babylonie et d'Assyrie$9(OLS)http://pul/title/42155 996 $6260$aParis :$bLes Ed. du Cerf$9(OLS)http://pul/publisher/60736 LEADER 01586naa a2200265 u 4500 001 000000093917 003 CaOOAMICUS 005 20070226130136.0 008 010720m19811984fr u000 u fre u 035 $a10898005 040 $aPUL(R)$bita 100 1 $aDroz, Georges André Léopold,$d1931-$0(OLS)http://pul/name/60342 245 13$aLa Conference de La Haye en droit international privé en 1980 /$cpar Georges A.L. Droz. 246 33$aHague conference on private international law 25 years after the founding of its permanent bureau : achevements and prospects 246 33$aConference de La Haye de droit international privé vingt-cinq ans après la création de son bureau permanent : bilan et perspectives 260 $a[S. l. :$bs. n.],$c1981-1984. 300 $aP. [123-159] 504 $aBibliografia in nota. 650 4$aDiritto internazionale privato.$0(OLS)http://pul/subject/2921 773 0 $tRecueil des cours$gv.III (1980) 773 0 $tRecueil des cours 1980 : collected courses of The Hague Academy of International Law$w()60378 996 $6245$aLa Conference de La Haye en droit international privé en 1980$9(OLS)http://pul/title/120771 996 $6246$aHague conference on private international law 25 years after the founding of its permanent bureau : achevements and prospects$9(OLS)http://pul/title/120772 996 $6246$aConference de La Haye de droit international privé vingt-cinq ans après la création de son bureau permanent : bilan et perspectives$9(OLS)http://pul/title/120773 996 $6260$a[S. l. :$bs. n.]$9(OLS)http://pul/publisher/47882